Tổng quan về kỹ thuật mạng B-ISND

Cơ sở lý thuyết chung của mạng B-ISDN: Khái niệm về ATM, xây dựng các tham số cơ bản cho B-ISDN, kỹ thuật mạng B-ISDN. Các khía cạnh kỹ thuật của B-ISDN: báo hiệu, hệ thống chuyển mạch trong ATM, hệ thống truyền dẫn, kiến trúc mạng B-ISDN...

Description complète

Enregistré dans:
Détails bibliographiques
Auteur principal: Nguyễn, Hữu Thanh
Format: Livre
Langue:Undetermined
Publié: Hà Nội Khoa học và Kỹ thuật 2006
Sujets:
Tags: Ajouter un tag
Pas de tags, Soyez le premier à ajouter un tag!
Thư viện lưu trữ: Trung tâm Học liệu Trường Đại học Cần Thơ
LEADER 01003nam a2200217Ia 4500
001 CTU_162096
008 210402s9999 xx 000 0 und d
020 |c 29000 
082 |a 004.65 
082 |b Th107 
100 |a Nguyễn, Hữu Thanh 
245 0 |a Tổng quan về kỹ thuật mạng B-ISND 
245 0 |c Nguyễn Hữu Thanh 
260 |a Hà Nội 
260 |b Khoa học và Kỹ thuật 
260 |c 2006 
520 |a Cơ sở lý thuyết chung của mạng B-ISDN: Khái niệm về ATM, xây dựng các tham số cơ bản cho B-ISDN, kỹ thuật mạng B-ISDN. Các khía cạnh kỹ thuật của B-ISDN: báo hiệu, hệ thống chuyển mạch trong ATM, hệ thống truyền dẫn, kiến trúc mạng B-ISDN 
650 |a Communication,Network analysis,Mạng máy tính 
650 |x Network analysis,Computer program 
910 |a Nguyên 
980 |a Trung tâm Học liệu Trường Đại học Cần Thơ